Top 50 All Categories: Timberwolves - Statistics

General Stats
  • This quiz has been taken 24 times
    8 since last reset
  • The average score is 124 of 276
Answer Stats
Hint Answer Total Points % Correct
3. Anthony Edwards 10,547
100%
2. Karl-Anthony Towns 12,052
100%
1. Kevin Garnett 19,201
100%
20. Rudy Gobert 3,491
100%
4. Andrew Wiggins 8,710
86%
Chris Smith
86%
44. Craig Smith 2,081
86%
Jimmy Butler
86%
31. Joe Smith 2,533
86%
46. Mike Conley 1,983
86%
9. Naz Reid 5,521
86%
Wesley Johnson
86%
12. Jaden McDaniels 2,132
71%
6. Kevin Love 6,989
71%
14. Ricky Rubio 4,235
71%
7. Wally Szczerbiak 6,777
71%
23. D'Angelo Russell 3,199
57%
Derrick Williams
57%
Donte DiVincenzo
57%
Julius Randle
57%
39. Michael Williams 2,203
57%
36. Sam Cassell 2,402
57%
5. Sam Mitchell 7,161
57%
27. Stephon Marbury 2,826
57%
Taj Gibson
57%
24. Terrell Brandon 3,157
57%
15. Tom Gugliotta 4,201
57%
Tyus Jones
57%
16. Al Jefferson 4,183
43%
11. Christian Laettner 4,759
43%
8. Doug West 6,216
43%
13. Isaiah Rider 4,315
43%
James Robinson
43%
49. Jeff Teague 1,952
43%
Nickeil Alexander-Walker
43%
18. Pooh Richardson 3,689
43%
Stanley Roberts
43%
10. Tony Campbell 4,888
43%
19. Anthony Peeler 3,622
29%
Dean Garrett
29%
Felton Spencer
29%
17. Gorgui Dieng 3,935
29%
32. Kevin Martin 2,492
29%
Kyle Anderson
29%
37. Latrell Sprewell 2,396
29%
47. Malik Beasley 1,967
29%
Mark Blount
29%
50. Michael Beasley 1,942
29%
Randy Breuer
29%
38. Rasho Nesterovic 2,355
29%
45. Ricky Davis 2,063
29%
Scott Brooks
29%
Sean Rooks
29%
43. Terry Porter 2,118
29%
26. Tyrone Corbin 2,833
29%
Chase Budinger
14%
Cherokee Parks
14%
22. Corey Brewer 3,350
14%
Dante Cunningham
14%
Darko Milicic
14%
Eddie Griffin
14%
Fred Hoiberg
14%
Gary Trent
14%
Jarred Vanderbilt
14%
Jaylen Nowell
14%
48. J.J. Barea 1,957
14%
Johnny Flynn
14%
Jordan Mclaughlin
14%
29. Julius Rande 2,583
14%
Luc Longley
14%
34. Luke Ridnour 2,418
14%
Mark Madsen
14%
Marko Jaric
14%
21. Nikola Pekovic 3,405
14%
33. Randy Foye 2,481
14%
40. Rashad McCants 2,233
14%
35. Shabazz Muhammad 2,410
14%
Tauren Prince
14%
Thurl Bailey
14%
Tod Murphy
14%
30. Troy Hudson 2,576
14%
28. Zach Lavine 2,817
14%
Anthony Tolliver
0%
Chris Smith
0%
41. Chuck Person 2,203
0%
Greg Stiemsma
0%
Jordan McLaughlin
0%
Josh Okogie
0%
LaPhonso Ellis
0%
Mark Madsen
0%
Michael Olowakandi
0%
Nemanja Bjelica
0%
Randy Foye
0%
Rashad McCants
0%
Robert Covington
0%
25. Ryan Gomes 2,975
0%
Sebastian Telfair
0%
Shabazz Muhammad
0%
Terrell Brandon
0%
42. Trenton Hassell 2,169
0%
Tyus Jones
0%
Wayne Ellington
0%
No matching quizzes found
Score Distribution
Percent of People with Each Score
Percentile by Number Answered
Your Score History
You have not taken this quiz since the last reset